000 00483nam a2200205Ia 4500
003 STCL
008 221019s9999 xx 000 0 und d
020 _a9780071164290
040 _aSTCL
_cSTCL
_bEN
082 _222
100 _aFleisch, Daniel A
100 _aKraus, John D
245 0 _aElectromagnetics with applications
250 _a5
260 _bMcGraw Hill
_aNew Delhi
_c1999
300 _axix, 617 p
365 _b2550
546 _aEnglish
942 _cBK
_2DDC
_e22
999 _c87529
_d87529